000 02502nam a2200457 c 4500
003 BLK
005 20230811005215.0
008 180409b bul|||||r ||||||| ||bul||
010 _aKNG00108204000
040 _aBLK
041 _aBUL
_cBUL
072 7 _2bullib
_aЛ05
_xДруги методи
072 7 _2bullib
_aЛ0101
_xБилколечение. Природолечение. Народна медицина
080 _aХигиена. Лично здраве. Вж и 614 ; 616-083
_b613
_x(035)
_z613(035)
080 _aЗдраве и болест. Самолечение(самооздравяване)на организма чрез защитния механизъм на организма. Експериментално предизвикване на болести
_b616-092.11/.19
_x(035)
_z616-092.11/.19(035)
080 _aФизиотерапия. Механично действащи средства. Радиотерапия и др. нелекарствени терапевтични средства и методи
_b615.8
_x(035)
_z615.8(035)
080 _aЛекарствени средства от растителен произход. Подразделя се със знак за отношение :582; :633/635; :665.3
_b615.322
_x(035)
_z615.322(035)
100 _aМалахов, Генадий Петрович
_eпърви автор
_9366209
700 1 _aСтоянова, Лиляна
_eпрев. от рус.
_gКуманова, Лиляна Стоянова
_9367120
139 _aМалахов, Генадий Петрович
_bМ 20
245 1 0 _aОснови на здравето
_cГенадий Петрович Малахов; прев. от рус. Лиляна Стоянова.
257 _aRUS
260 София
_bЗдраве и щастие
_c2003
_fСофия : Ник Арт Син
300 _a831 с.
_bс ил.
_c22 см
380 _a61
500 _aОриг. загл. Основы здоровья / Г. П. Малахов.
650 4 _aХигиена
_9176430
650 4 _aХранене
_9176826
650 4 _aПриродолечение
_9167899
650 4 _aФитотерапия
_9175865
653 _aсамолечение
653 _aприродолечение
653 _aфитотерапия
659 _aЛ
852 _aЦб 216240
856 4 _qpdf
_u
856 4 _qpdf
_u
942 _cKNG
_n0
944 _aCR
_c10.10.2003
_k
_lCRON CRON
944 _aED
_c25.01.2013
_k
999 _c103132
_d103132